Tình hình nhiễm cầu trùng gà ở một số cơ sở chăn nuôi tại tỉnh Hậu Giang : Luận văn tốt nghiệp Cao học. Chuyên ngành Thú y

Xác định tình hình bệnh cầu trùng gà tại tỉnh Hậu Giang. Xác định bệnh lý bệnh cầu trùng trên đàn gà gây nhiễm thực nghiệm. Xác định hiệu quả của thuốc phòng bệnh cầu trùng gà.

Wedi'i Gadw mewn:
Manylion Llyfryddiaeth
Prif Awdur: Lê, Văn Trung
Fformat: Llyfr
Iaith:Undetermined
Cyhoeddwyd: Cần Thơ Trường Đại học Cần Thơ 2019
Pynciau:
Tagiau: Ychwanegu Tag
Dim Tagiau, Byddwch y cyntaf i dagio'r cofnod hwn!
Thư viện lưu trữ: Trung tâm Học liệu Trường Đại học Cần Thơ
LEADER 01087nam a2200217Ia 4500
001 CTU_232484
008 210402s9999 xx 000 0 und d
082 |a 636.5089 
082 |b Tr513 
088 |a 8640101 
100 |a Lê, Văn Trung 
245 0 |a Tình hình nhiễm cầu trùng gà ở một số cơ sở chăn nuôi tại tỉnh Hậu Giang : 
245 0 |b Luận văn tốt nghiệp Cao học. Chuyên ngành Thú y 
245 0 |c Lê Văn Trung ; Nguyễn Hữu Hưng (Cán bộ hướng dẫn) 
260 |a Cần Thơ 
260 |b Trường Đại học Cần Thơ 
260 |c 2019 
520 |a Xác định tình hình bệnh cầu trùng gà tại tỉnh Hậu Giang. Xác định bệnh lý bệnh cầu trùng trên đàn gà gây nhiễm thực nghiệm. Xác định hiệu quả của thuốc phòng bệnh cầu trùng gà. 
650 |a Bệnh gia cầm,Poultry deseases 
910 |b nthai 
980 |a Trung tâm Học liệu Trường Đại học Cần Thơ